Cities of Arkansas by Population - Statistics

General Stats
  • This quiz has been taken 101 times
  • The average score is 14 of 22
Answer Stats
Population City % Correct
193,524 Little Rock
99%
76,899 Fayetteville
90%
86,209 Fort Smith
87%
30,681 Benton
83%
67,263 Jonesboro
81%
35,301 Bentonville
78%
62,304 North Little Rock
73%
29,919 Texarkana
72%
58,909 Conway
71%
35,193 Hot Springs
71%
50,667 Pine Bluff
71%
69,797 Springdale
70%
26,245 West Memphis
70%
55,964 Rogers
66%
28,364 Jacksonville
53%
23,776 Cabot
47%
27,920 Russellville
45%
22,858 Searcy
42%
26,113 Paragould
39%
29,523 Sherwood
39%
22,791 Van Buren
33%
26,461 Bella Vista
31%
No matching quizzes found
Score Distribution
Percent of People with Each Score
Percentile by Number Answered
Your Score History
You have not taken this quiz